000 00566nam a22001817a 4500
005 20251108170542.0
008 250721s2001 xx 000 0 ara d
082 1 4 _a372.24/قطا
100 1 _aقطامي، نايفة
245 1 0 _aتعليم التفكير للمرحلة الأساسية /
264 1 _aعمان :
_bدار الفكر للطباعة و النشر و التوزيع،
_c2001.
300 _a545ص
650 1 7 _aالتعليم
650 1 7 _aالتفكير
650 1 7 _aالتعليم الإبتدائي
942 _2ddc
_cBK
999 _c43324
_d43324